00438nam a2200157Ia 45000010006000000050017000060080041000230410008000640820017000721000037000892450101001262600009002273000028002366500008002646540008002721627920260306170257.0260306t2001||||xx |||||||||||||| ||und|| aESP a347.51LbB33 aBeaumont Callirgos, RicardoeAUT 0aComentarios al nuevo reglamento del registro de sociedades:banalizado artículo por artículo c2001 a517 páginas :c24 cm. aGEN aCDE